000 00303nam a22001337a 4500
008 170329b xxu||||| |||| 00| 0 eng d
020 _a9780736075725
041 _aeng
080 _a796.3
100 _a8
101 _aSHM
245 _aSOCIOLOGY OF SPORT AND SOCIAL THEORY
_cSMITH, E
942 _2udc
_cBK
999 _c8918
_d8918